The Rubáiyát of Omar Khayyám. First and Fifth Editions.
Uloženo v:
| Hlavní autor: | |
|---|---|
| Další autoři: | , |
| Médium: | Kniha |
| Vydáno: |
New York, USA:
Dover Publications, Inc.,
1990.
|
| Vydání: | First publication Dover edition. |
| Edice: | Dover Thrift Editions
|
| Témata: | |
| Tagy: |
Přidat tag
Žádné tagy, Buďte první, kdo vytvoří štítek k tomuto záznamu!
|
MARC
| LEADER | 00000nam a22000007a 4500 | ||
|---|---|---|---|
| 003 | CL-VaPUC | ||
| 005 | 20230330095324.0 | ||
| 008 | 230316t1990 ||||| |||| 00| 0 eng d | ||
| 999 | |c 440186 |d 440184 | ||
| 020 | |a 0-486-26467- | ||
| 040 | |c Pontificia Universidad Católica de Valparaíso | ||
| 082 | |a 895 KHA 1990 | ||
| 100 | 1 | |a Khayyám, Omar |e autor |9 880755 | |
| 245 | 1 | 4 | |a The Rubáiyát of Omar Khayyám. |b First and Fifth Editions. |
| 250 | |a First publication Dover edition. | ||
| 260 | |a New York, USA: |b Dover Publications, Inc., |c 1990. | ||
| 300 | |a 52 páginas. | ||
| 490 | 0 | |a Dover Thrift Editions | |
| 500 | |a c.1 Donación Literatura. Memo 3/2023. Educación | ||
| 583 | |c 20230316 |k Catalogador Asistente | ||
| 650 | 0 | |a Poesía árabe |9 342321 | |
| 700 | |a Fitzgerald, Edward |e translated |9 880909 | ||
| 700 | |a Appelbaum, Stanley |e editor |9 880910 | ||
| 942 | |2 ddc |c BK | ||
| 952 | |0 0 |1 0 |2 ddc |4 0 |6 895_000000000000000_KHA_1990 |7 0 |8 A |9 589120 |a FDOPOS |b FDOPOS |d 2023-03-16 |e Donación |i 5656814 |o 895 KHA 1990 |p 5656814 |r 2023-03-16 |t 1 |w 2023-03-16 |y BK |k DLH | ||